[Event "Valera FVA 82nd Anniv"]
[Site "Valera"]
[Date "2017.12.16"]
[Round "7"]
[White "Pineda Rivera, Lismay Valentina"]
[Black "Ledezma Borregales, Daniel Jose"]
[Result "0-1"]
[WhiteElo "1552"]
[BlackElo "1996"]
[PlyCount "66"]
[EventDate "2017.12.13"]
[EventType "swiss"]
[EventRounds "7"]
[EventCountry "VEN"]
[SourceTitle "CBM 182 Extra"]
[Source "ChessBase"]
[SourceDate "2018.02.23"]
[SourceVersion "1"]
[SourceVersionDate "2018.02.23"]
[SourceQuality "1"]

1. e4 c5 2. Nf3 d6 3. d4 cxd4 4. Nxd4 Nf6 5. Nc3 g6 6. f3 Bg7 7. Be3 0-0 8. Qd2 Nc6 9. Bc4 Bd7 10. 0-0-0 Qa5 11. g4 Rfc8 12. Bb3 Ne5 13. h4 Nc4 14. Bxc4 Rxc4 15. h5 Rac8 16. Kb1 Bxg4 17. fxg4 Rxc3 18. Nb3 Qa6 19. Bd4 Rxc2 20. Qd3 Qxd3 21. Rxd3 Nxg4 22. hxg6 hxg6 23. Rdh3 Nf6 24. e5 dxe5 25. Bxe5 Nh5 26. Bd4 Bxd4 27. Nxd4 Rf2 28. Re3 e6 29. Nb5 a6 30. Nd6 Rc7 31. Ne4 Rf4 32. Ng3 b5 33. Ne4 Kg7 0-1

[Event "Valera FVA 82nd Anniv"]
[Site "Valera"]
[Date "2017.12.14"]
[Round "4"]
[White "Pineda Rivera, Lismay Valentina"]
[Black "Contreras, Leslie"]
[Result "1-0"]
[WhiteElo "1552"]
[BlackElo "1296"]
[PlyCount "33"]
[EventDate "2017.12.13"]
[EventType "swiss"]
[EventRounds "7"]
[EventCountry "VEN"]
[SourceTitle "CBM 182 Extra"]
[Source "ChessBase"]
[SourceDate "2018.02.23"]
[SourceVersion "1"]
[SourceVersionDate "2018.02.23"]
[SourceQuality "1"]

1. e4 c5 2. Nf3 d6 3. d4 cxd4 4. Nxd4 Nf6 5. Nc3 g6 6. f3 Bg7 7. Be3 0-0 8. Qd2 Nc6 9. Bc4 Nd7 10. 0-0-0 Nb6 11. Bb3 Na5 12. Bh6 Nbc4 13. Bxc4 Nxc4 14. Qg5 Qb6 15. Nb3 f6 16. Qd5+ e6 17. Qxc4 1-0

[Event "VEN-ch U18 Girls 3rd"]
[Site "San Antonio"]
[Date "2016.04.03"]
[Round "5.3"]
[White "Giraldo Segovia, Angely"]
[Black "Pineda Rivera, Lismay Valentina"]
[Result "1-0"]
[WhiteElo "1698"]
[BlackElo "1602"]
[PlyCount "53"]
[EventDate "2016.04.01"]
[EventType "swiss"]
[EventRounds "7"]
[EventCountry "VEN"]
[SourceTitle "EXT 2022"]
[Source "ChessBase"]
[SourceDate "2021.10.06"]
[SourceVersion "1"]
[SourceVersionDate "2021.10.06"]
[SourceQuality "1"]

1. c4 Nf6 2. Nc3 g6 3. g3 Bg7 4. Bg2 d6 5. Nf3 0-0 6. 0-0 Nbd7 7. d4 e6 8. e4 c5 9. Qe2 cxd4 10. Nxd4 Qb6 11. Rd1 Ne5 12. Ndb5 Ne8 13. Be3 Qa6 14. f4 Nd7 15. Rd2 Bf6 16. Rad1 Be7 17. Kh1 Ndf6 18. e5 dxe5 19. fxe5 Nh5 20. Ne4 Nhg7 21. g4 f6 22. exf6 Bxf6 23. Nxf6+ Rxf6 24. Rd8 Rf8 25. Bc5 Rf7 26. Nd6 Rc7 27. b4 1-0

[Event "VEN-ch U20 Girls"]
[Site "Merida"]
[Date "2013.04.??"]
[Round "6"]
[White "Pineda Rivera, Lismay Valentina"]
[Black "Campos Perez, Melanny"]
[Result "0-1"]
[WhiteElo "1315"]
[BlackElo "1823"]
[PlyCount "98"]
[EventDate "2013.04.23"]
[EventType "swiss"]
[EventRounds "7"]
[EventCountry "VEN"]
[SourceTitle "EXT 2015"]
[Source "ChessBase"]
[SourceDate "2014.11.20"]
[SourceVersion "1"]
[SourceVersionDate "2014.11.20"]
[SourceQuality "1"]

1. e4 e6 2. d4 d5 3. e5 c5 4. c3 Nc6 5. Nf3 Qb6 6. Be2 cxd4 7. cxd4 Nge7 8. Bd3 Bd7 9. Bc2 Nb4 10. 0-0 Rc8 11. Nc3 Nxc2 12. Qxc2 Nf5 13. Be3 Be7 14. Qd2 0-0 15. Rab1 Rc7 16. Rfc1 Rfc8 17. Rc2 Nh4 18. Nxh4 Bxh4 19. Rbc1 Be7 20. Qd3 Be8 21. Ne2 Rxc2 22. Rxc2 Rxc2 23. Qxc2 Qa5 24. Ng3 Qxa2 25. Qc8 Qa4 26. Qxb7 Bf8 27. h3 a6 28. Kh2 Bb5 29. Qc8 Qb4 30. Qc3 Qxc3 31. bxc3 Ba3 32. Kg1 Bb2 33. Nf1 Bxc3 34. Nd2 a5 35. Nb1 Bb2 36. Bd2 a4 37. Bb4 Bxd4 38. Bd6 Bb2 39. g3 Bd3 40. Na3 f6 41. f4 fxe5 42. fxe5 Kf7 43. Kf2 Bd4+ 44. Ke1 Kg6 45. Kd2 Bf1 46. Nc2 Bf2 47. Ne3 Bxh3 48. g4 Bxe3+ 49. Kxe3 Bxg4 0-1

[Event "VEN-ch U20 Girls"]
[Site "Merida"]
[Date "2013.04.??"]
[Round "5"]
[White "Pineda Rivera, Lismay Valentina"]
[Black "Vegas Escobar, Ambar Milagros"]
[Result "1/2-1/2"]
[WhiteElo "1315"]
[BlackElo "1525"]
[PlyCount "66"]
[EventDate "2013.04.23"]
[EventType "swiss"]
[EventRounds "7"]
[EventCountry "VEN"]
[SourceTitle "EXT 2015"]
[Source "ChessBase"]
[SourceDate "2014.11.20"]
[SourceVersion "1"]
[SourceVersionDate "2014.11.20"]
[SourceQuality "1"]

1. e4 e5 2. Nf3 Nf6 3. Nxe5 d6 4. Nf3 Nxe4 5. d4 d5 6. Bd3 Bd6 7. 0-0 0-0 8. Re1 Re8 9. Nbd2 Nxd2 10. Bxd2 Bg4 11. Rxe8+ Qxe8 12. Qe2 Qxe2 13. Bxe2 Nd7 14. Re1 Nf6 15. Ne5 Bxe2 16. Rxe2 Ne4 17. Bc1 Re8 18. f3 Nf6 19. Kf1 c5 20. c3 cxd4 21. cxd4 h6 22. h3 Rc8 23. Bd2 Ne8 24. Ng4 h5 25. Ne3 Nf6 26. Nf5 Rd8 27. Nxd6 Rxd6 28. Re7 Rb6 29. Bc3 Kf8 30. Re5 Re6 31. Ke2 Nd7 32. Rxe6 fxe6 33. Ke3 Kf7 1/2-1/2